<?xml version="1.0" encoding="UTF-8"?><?xml-stylesheet type="text/xsl" href="static/style.xsl"?><OAI-PMH xmlns="http://www.openarchives.org/OAI/2.0/" xmlns:xsi="http://www.w3.org/2001/XMLSchema-instance" xsi:schemaLocation="http://www.openarchives.org/OAI/2.0/ http://www.openarchives.org/OAI/2.0/OAI-PMH.xsd"><responseDate>2026-04-29T19:13:27Z</responseDate><request verb="GetRecord" identifier="oai:riubu.ubu.es:10259/4951" metadataPrefix="marc">https://riubu.ubu.es/oai/request</request><GetRecord><record><header><identifier>oai:riubu.ubu.es:10259/4951</identifier><datestamp>2024-11-05T10:57:50Z</datestamp><setSpec>com_10259_4393</setSpec><setSpec>com_10259_5086</setSpec><setSpec>com_10259_2604</setSpec><setSpec>col_10259_4394</setSpec></header><metadata><record xmlns="http://www.loc.gov/MARC21/slim" xmlns:doc="http://www.lyncode.com/xoai" xmlns:xsi="http://www.w3.org/2001/XMLSchema-instance" xmlns:dcterms="http://purl.org/dc/terms/" xsi:schemaLocation="http://www.loc.gov/MARC21/slim http://www.loc.gov/standards/marcxml/schema/MARC21slim.xsd">
<leader>00925njm 22002777a 4500</leader>
<datafield tag="042" ind1=" " ind2=" ">
<subfield code="a">dc</subfield>
</datafield>
<datafield tag="720" ind1=" " ind2=" ">
<subfield code="a">Alonso Tristán, Cristina</subfield>
<subfield code="e">author</subfield>
</datafield>
<datafield tag="720" ind1=" " ind2=" ">
<subfield code="a">González López, Juan Antonio</subfield>
<subfield code="e">author</subfield>
</datafield>
<datafield tag="720" ind1=" " ind2=" ">
<subfield code="a">García de la Fuente, Isaías</subfield>
<subfield code="e">author</subfield>
</datafield>
<datafield tag="720" ind1=" " ind2=" ">
<subfield code="a">Sanz, Luis Felipe</subfield>
<subfield code="e">author</subfield>
</datafield>
<datafield tag="720" ind1=" " ind2=" ">
<subfield code="a">Cobos, José Carlos .</subfield>
<subfield code="e">author</subfield>
</datafield>
<datafield tag="260" ind1=" " ind2=" ">
<subfield code="c">2018-02</subfield>
</datafield>
<datafield tag="520" ind1=" " ind2=" ">
<subfield code="a">The liquid–liquid equilibrium (LLE) curves for 2-phenylethan-1-ol (2-phenylethanol, 2PhEtOH) + octane, + decane, + dodecane, + tetradecane or + 2,2,4-trimethylpentane have been determined by a method of turbidimetry using a laser scattering technique. Experimental results reveal that the systems are characterized by an upper critical solution temperature (UCST), which increases linearly with the number of C atoms of the n-alkane. In addition, the LLE curves have a rather horizontal top and become skewed to higher mole fractions of the n-alkane, when its size increases. For a given n-alkane, UCST decreases as follows: phenol > phenylmethanol > 2-PhEtOH, indicating that dipolar interactions decrease in the same sequence. This has been ascribed to a weakening in the same order of the proximity effects between the phenyl and OH groups of the aromatic alkanols. DISQUAC interaction parameters for OH/aliphatic and OH/aromatic contacts in the investigated systems are reported. Phenol, or phenylmethanol or 2-PhEtOH, + n-alkane mixtures only differ by the first dispersive Gibbs energy interaction parameter for the (OH/aliphatic) contact</subfield>
</datafield>
<datafield tag="024" ind2=" " ind1="8">
<subfield code="a">0021-9568</subfield>
</datafield>
<datafield tag="024" ind2=" " ind1="8">
<subfield code="a">http://hdl.handle.net/10259/4951</subfield>
</datafield>
<datafield tag="024" ind2=" " ind1="8">
<subfield code="a">10.1021/acs.jced.7b00869</subfield>
</datafield>
<datafield tag="245" ind1="0" ind2="0">
<subfield code="a">Liquid−Liquid Equilibria for 2‑Phenylethan-1-ol + Alkane Systems</subfield>
</datafield>
</record></metadata></record></GetRecord></OAI-PMH>